000 00270nam a2200121Ia 4500
008 191201s2005 xx 000 0 und d
100 _aPANDYA, Mukul
245 0 _aLasting Leadership
260 _aN.Delhi
_bPEP
_c2005
300 _a266
650 _aMBA
942 _2ddc
_cBK
999 _c3096
_d3096